[Event "62nd ch-RUS w"]
[Site "Moscow RUS"]
[Date "2012.08.09"]
[Round "6"]
[White "Ovod, Evgenija"]
[Black "Girya, Olga"]
[Result "0-1"]
[WhiteTitle "IM"]
[BlackTitle "WGM"]
[WhiteElo "2419"]
[BlackElo "2433"]
[WhiteFideId "4131827"]
[BlackFideId "4195752"]
[EventDate "2012.08.03"]

1. c4 e6 2. Nc3 d5 3. d4 c6 4. cxd5 exd5 5. Bf4 Bd6 6. Bxd6 Qxd6 7. e3 Bf5 8.
Bd3 Bxd3 9. Qxd3 Nf6 10. Nf3 Nbd7 11. O-O O-O 12. a3 Rfe8 13. b4 a6 14. Na4 Ne4
15. Nc5 Qc7 16. a4 Nd6 17. Rfc1 Nf8 18. g3 f6 19. Kg2 Qf7 20. h4 h5 21. Nd2 Ng6
22. f3 Rad8 23. Kf2 Ne7 24. Rh1 Nef5 25. Rae1 Re7 26. Re2 g5 27. a5 gxh4 28.
gxh4 Kh8 29. Nf1 Rg8 30. e4 dxe4 31. fxe4 Rge8 32. Nd2 Nh6 33. Ke1 Ng4 34. Kd1
Nb5 35. Kc1 Qa2 36. Rd1 Rd8 37. Nb1 Qf7 38. Nb3 Red7 39. Red2 Qe7 40. e5 fxe5
41. Qf5 Qxh4 42. dxe5 Rxd2 43. Rxd2 Qe1+ 44. Kb2 Rxd2+ 45. N1xd2 Qxe5+ 46. Qxe5+
Nxe5 47. Nc5 Nd6 48. Kc3 h4 49. Kd4 h3 50. Kxe5 Nf7+ 51. Kf6 h2 52. Kxf7 h1=Q
53. Nde4 Qb1 54. Nd6 Qxb4 55. Ndxb7 Qe1 56. Ne6 Qb4 57. Nec5 Qf4+ 58. Ke6 Qc7
59. Kf6 Kh7 60. Ke6 Kh6 61. Kf6 Kh5 62. Ke6 Kg6 63. Nd6 Qxa5 64. Nde4 Qa2+ 65.
Kd6 Qd5+ 66. Kc7 a5 67. Kb6 Kf5 68. Nc3 Qc4 69. N5a4 Qb4+ 70. Kxc6 Ke5 71. Kc7
Kd4 72. Kc6 Kc4 73. Nb6+ Kxc3 74. Nd5+ Kb3 75. Nxb4 Kxb4 0-1

[Event "62nd ch-RUS w"]
[Site "Moscow RUS"]
[Date "2012.08.09"]
[Round "6"]
[White "Pogonina, Natalija"]
[Black "Galliamova, Alisa"]
[Result "1/2-1/2"]
[WhiteTitle "WGM"]
[BlackTitle "IM"]
[WhiteElo "2448"]
[BlackElo "2465"]
[WhiteFideId "4147855"]
[BlackFideId "4129725"]
[EventDate "2012.08.03"]

1. e4 c5 2. Nf3 e6 3. d4 cxd4 4. Nxd4 a6 5. Nc3 b5 6. Bd3 Qb6 7. Nf3 Qc7 8. O-O
Bb7 9. Re1 Bc5 10. e5 f5 11. Qe2 Ne7 12. Be3 O-O 13. a4 b4 14. Nb1 Bxe3 15. Qxe3
Bxf3 16. Qxf3 Nbc6 17. Qe3 Nd5 18. Qc5 Qb8 19. Bc4 Nce7 20. Nd2 Rc8 21. Qd4 Nc6
22. Qh4 Nde7 23. f4 Qa7+ 24. Qf2 g5 25. Qxa7 Rxa7 26. fxg5 Ng6 27. Nf3 Ncxe5 28.
Nxe5 Nxe5 29. Bxe6+ dxe6 30. Rxe5 Rxc2 31. Rd1 Rxb2 32. Rxe6 Rc7 33. g6 hxg6 34.
Rxg6+ Rg7 35. Rd8+ Kh7 36. Rxg7+ Kxg7 37. a5 b3 38. h4 Rb1+ 39. Kh2 b2 40. Rb8
Kg6 41. g3 Kh5 42. Rb6 Kg4 43. Kg2 Kh5 44. Kh2 1/2-1/2

[Event "62nd ch-RUS w"]
[Site "Moscow RUS"]
[Date "2012.08.10"]
[Round "7"]
[White "Girya, Olga"]
[Black "Pogonina, Natalija"]
[Result "0-1"]
[WhiteTitle "WGM"]
[BlackTitle "WGM"]
[WhiteElo "2433"]
[BlackElo "2448"]
[WhiteFideId "4195752"]
[BlackFideId "4147855"]
[EventDate "2012.08.03"]

1. d4 Nf6 2. c4 e6 3. Nf3 d5 4. Nc3 Be7 5. Bg5 O-O 6. e3 h6 7. Bh4 b6 8. Rb1 Bb7
9. Bxf6 Bxf6 10. cxd5 exd5 11. b4 c6 12. Qb3 Bc8 13. b5 Be6 14. bxc6 Nxc6 15.
Qa4 Rc8 16. Rc1 Na5 17. Ba6 Rc7 18. Nd2 Be7 19. O-O Bd6 20. Nb5 Rxc1 21. Rxc1
Bb8 22. Qc2 Qd7 23. Nc7 Qd6 24. g3 Bh3 25. Nb5 Qd7 26. Nc3 Be6 27. Ne2 Bf5 28.
Qc3 Bg4 29. Nf4 Bxf4 30. exf4 Re8 31. Nf1 Nc4 32. Bxc4 dxc4 33. Qxc4 Be6 34. Qa6
Qxd4 35. Qxa7 Bd5 36. Qa3 Qe4 37. f3 Qd4+ 38. Kg2 Re2+ 39. Kh3 Be6+ 40. f5 Bxf5+
41. g4 Be6 42. Qa8+ Kh7 43. Ng3 Re3 44. Rg1 g6 45. Nf1 Re1 46. Kg2 Re2+ 47. Kh1
Bd5 48. Qa3 Qf2 0-1

[Event "62nd ch-RUS w"]
[Site "Moscow RUS"]
[Date "2012.08.10"]
[Round "7"]
[White "Kosintseva, Nadezhda"]
[Black "Ovod, Evgenija"]
[Result "1-0"]
[WhiteTitle "GM"]
[BlackTitle "IM"]
[WhiteElo "2524"]
[BlackElo "2419"]
[WhiteFideId "4134974"]
[BlackFideId "4131827"]
[EventDate "2012.08.03"]

1. e4 e5 2. Nf3 Nc6 3. Bb5 Nf6 4. O-O Bc5 5. Nxe5 Nxe4 6. Qe2 Nxe5 7. Qxe4 Qe7
8. Nc3 Ng6 9. Re1 c6 10. d4 Qxe4 11. Nxe4 Be7 12. Nd6+ Kf8 13. Nxc8 Rxc8 14. Bd3
d5 15. g3 Re8 16. Bd2 Bd6 17. b3 Rxe1+ 18. Rxe1 Ne7 19. c4 Ke8 20. c5 Bc7 21. b4
b5 22. a4 a6 23. Bf5 Kd8 24. Bh3 Re8 25. axb5 axb5 26. Bg5 Bb8 27. Ra1 Kc7 28.
Ra6 Ng6 29. Bf5 h6 30. Be3 Ne7 31. Bf4+ Kb7 32. Rb6+ Ka7 33. Bd7 Bxf4 34. Bxe8
Bc7 35. Rxc6 Nxc6 36. Bxc6 Bd8 37. Bxb5 Bf6 38. Be8 Bxd4 39. Bxf7 Bc3 40. b5 Bb4
41. c6 Kb6 42. Bxd5 Ba5 43. Bc4 Kc5 44. Be2 Kd4 45. Kg2 Ke4 46. Kh3 Bd8 47. Kg4
g6 48. Kh3 Bc7 49. Kg2 Bb6 50. Bc4 Kd4 51. Bf7 g5 52. Bh5 Kd3 53. Kf1 Ba5 54.
Be2+ Ke4 55. Kg2 Bb6 56. Kh3 Kf5 57. Bd3+ Ke6 58. f3 Bg1 59. Kg4 Kd6 60. Be4 Kc7
61. h4 Bf2 62. hxg5 hxg5 63. Kxg5 Bxg3 64. f4 Bf2 65. f5 Kd8 66. Kf6 Bd4+ 67.
Ke6 Kc7 68. f6 Bc5 69. Kf7 Bd4 70. Ke7 Bc5+ 71. Ke8 1-0

[Event "62nd ch-RUS w"]
[Site "Moscow RUS"]
[Date "2012.08.10"]
[Round "7"]
[White "Kovanova, Baira"]
[Black "Charochkina, Daria"]
[Result "0-1"]
[WhiteTitle "WGM"]
[BlackTitle "WGM"]
[WhiteElo "2408"]
[BlackElo "2353"]
[WhiteFideId "4164083"]
[BlackFideId "4180917"]
[EventDate "2012.08.03"]

1. d4 Nf6 2. Nf3 d5 3. c4 c6 4. Nc3 a6 5. c5 Nbd7 6. h3 b6 7. cxb6 Qxb6 8. g3
Ne4 9. Nxe4 dxe4 10. Nd2 e5 11. Nxe4 Bb4+ 12. Bd2 Qxd4 13. Bg2 Qxb2 14. O-O Bxd2
15. Nd6+ Ke7 16. Nc4 Qd4 17. Nxd2 Rb8 18. e3 Qd6 19. Qc2 Nf6 20. Rfd1 Be6 21.
Ne4 Qb4 22. Nxf6 gxf6 23. Qxc6 Qb6 24. Qc2 Rbc8 25. Qd3 Rhd8 26. Qa3+ Ke8 27.
Rab1 Rxd1+ 28. Rxd1 a5 29. g4 Qc5 30. Qd3 Bxa2 31. g5 fxg5 32. Qxh7 Ke7 33. Qf5
e4 34. Qxe4+ Be6 35. h4 g4 36. Qf4 Rh8 37. e4 Qh5 38. Rb1 Rd8 39. Qe3 Kf8 40.
Qc3 Qxh4 41. Qxa5 Kg7 42. Qc3+ Qf6 43. Qe3 Qe5 44. Rc1 Rh8 45. Rc5 Qh2+ 46. Kf1
Rb8 47. Rg5+ Kh7 48. Qd4 Qh6 49. Rc5 Rb1+ 50. Ke2 Bc8 51. Rxc8 Qa6+ 52. Qc4 Rb2+
53. Kd3 Qa3+ 54. Qc3 Rb3 55. e5 Rxc3+ 56. Rxc3 Qb2 57. Be4+ Kg7 58. e6 fxe6 59.
Rc2 Qb3+ 60. Ke2 Kf6 61. Kf1 Ke5 62. Re2 Qd1+ 0-1

[Event "62nd ch-RUS w"]
[Site "Moscow RUS"]
[Date "2012.08.10"]
[Round "7"]
[White "Galliamova, Alisa"]
[Black "Gunina, Valentina"]
[Result "0-1"]
[WhiteTitle "IM"]
[BlackTitle "IM"]
[WhiteElo "2465"]
[BlackElo "2507"]
[WhiteFideId "4129725"]
[BlackFideId "4167570"]
[EventDate "2012.08.03"]

1. d4 Nf6 2. c4 g6 3. Nc3 Bg7 4. e4 d6 5. Bd3 O-O 6. Nge2 c5 7. d5 Nbd7 8. Bc2
a6 9. a4 Ne5 10. b3 e6 11. f4 Neg4 12. dxe6 Nh5 13. O-O Qh4 14. h3 Ng3 15. e7
Re8 16. e5 Nxf1 17. Qxf1 dxe5 18. hxg4 exf4 19. Bxf4 Bxg4 20. Re1 Rxe7 21. Bg3
Qg5 22. Bf4 Qh5 23. Ne4 f5 24. N2g3 Qh4 25. Nf2 Rae8 26. Rxe7 Rxe7 27. Nxg4 Bd4+
28. Nf2 Qxf4 29. Nh1 Qd2 30. Qd3 Bxf2+ 31. Nxf2 Re1+ 32. Kh2 Qxf2 0-1

[Event "62nd ch-RUS w"]
[Site "Moscow RUS"]
[Date "2012.08.11"]
[Round "8"]
[White "Charochkina, Daria"]
[Black "Ubiennykh, Ekaterina"]
[Result "1-0"]
[WhiteTitle "WGM"]
[BlackTitle "WIM"]
[WhiteElo "2353"]
[BlackElo "2367"]
[WhiteFideId "4180917"]
[BlackFideId "4137582"]
[EventDate "2012.08.03"]

1. e4 c6 2. d4 d5 3. e5 Bf5 4. h4 h6 5. g4 Bd7 6. Nd2 e6 7. Nb3 c5 8. dxc5 Nc6
9. f4 h5 10. gxh5 Nh6 11. Bd3 Bxc5 12. Nf3 Be7 13. c3 b5 14. Qe2 b4 15. Qg2 Bf8
16. Be3 bxc3 17. bxc3 Qc7 18. O-O Nf5 19. Bxf5 exf5 20. Ng5 Be6 21. c4 d4 22.
Nxd4 Bc5 23. Nxf5 Bxf5 24. Bxc5 Rc8 25. Bd6 Qb6+ 26. c5 Qb4 27. Rad1 Rxh5 28.
Qd5 Nd8 29. Bc7 Rxg5+ 30. hxg5 Be6 31. Qd6 Qe4 32. Bxd8 Qe3+ 33. Kg2 Qe2+ 34.
Rf2 Qg4+ 35. Kf1 Bc4+ 36. Ke1 Qg1+ 37. Kd2 Qxf2+ 38. Kc3 Qe3+ 39. Kxc4 Qe2+ 40.
Kc3 Qe3+ 41. Kb2 1-0

[Event "62nd ch-RUS w"]
[Site "Moscow RUS"]
[Date "2012.08.11"]
[Round "8"]
[White "Ovod, Evgenija"]
[Black "Kovanova, Baira"]
[Result "0-1"]
[WhiteTitle "IM"]
[BlackTitle "WGM"]
[WhiteElo "2419"]
[BlackElo "2408"]
[WhiteFideId "4131827"]
[BlackFideId "4164083"]
[EventDate "2012.08.03"]

1. d4 Nf6 2. c4 e6 3. Nc3 Bb4 4. e3 O-O 5. Bd3 c5 6. Nf3 b6 7. d5 exd5 8. cxd5
d6 9. O-O Bg4 10. Qc2 Bxc3 11. bxc3 Bxf3 12. gxf3 Nbd7 13. f4 c4 14. Bxc4 Rc8
15. Bb3 b5 16. e4 Qc7 17. Bd2 a5 18. a3 Rfe8 19. f3 a4 20. Ba2 Qc5+ 21. Kh1 Qxa3
22. Bc4 Qc5 23. Bd3 Nb6 24. Qb1 Nc4 25. Be1 Rb8 26. Bf2 Qc8 27. Ra2 Nh5 28. f5
Nf4 29. Bd4 f6 30. Rff2 Re7 31. Bf1 Na5 32. Qc1 Nh5 33. Rg2 Kf7 34. Qe1 g5 35.
fxg6+ hxg6 36. Qh4 Qh8 37. f4 Nb3 38. Qg4 Qh7 39. Be2 Nxd4 40. cxd4 Rxe4 41.
Qd7+ Re7 42. Qxd6 Rh8 43. Kg1 Qh6 44. Bxb5 Nxf4 45. Rg3 Nh3+ 46. Kg2 Ng5 47. Qa3
Qxh2+ 48. Kf1 Qh1+ 49. Rg1 Re1+ 50. Kxe1 Qxg1+ 51. Bf1 Rh3 52. Qxa4 Re3+ 53. Kd2
Qf2+ 54. Be2 Qxe2+ 55. Kc1 Rc3+ 56. Rc2 Rxc2+ 57. Qxc2 Qxc2+ 58. Kxc2 Ke7 0-1

[Event "62nd ch-RUS w"]
[Site "Moscow RUS"]
[Date "2012.08.11"]
[Round "8"]
[White "Pogonina, Natalija"]
[Black "Kosintseva, Nadezhda"]
[Result "1/2-1/2"]
[WhiteTitle "WGM"]
[BlackTitle "GM"]
[WhiteElo "2448"]
[BlackElo "2524"]
[WhiteFideId "4147855"]
[BlackFideId "4134974"]
[EventDate "2012.08.03"]

1. e4 c5 2. Nf3 d6 3. d4 cxd4 4. Nxd4 Nf6 5. Nc3 a6 6. Be2 e5 7. Nb3 Be7 8. O-O
O-O 9. Qd3 Be6 10. Nd5 Nxd5 11. exd5 Bc8 12. Be3 f5 13. f4 Nd7 14. c4 a5 15.
fxe5 Nxe5 16. Qd2 Bf6 17. Nd4 g6 18. Nb5 b6 19. Rac1 Re8 20. Rc2 Nf7 21. Bf3 Bd7
22. Nd4 Bg5 23. Ne6 Bxe3+ 24. Qxe3 Rb8 25. Qd4 Bxe6 26. dxe6 Rxe6 27. Bd5 Qf6
28. Rd2 Qxd4+ 29. Rxd4 Rf6 30. Rfd1 Kf8 31. Bxf7 Kxf7 32. Rxd6 Rxd6 33. Rxd6 Ke7
34. Rd5 Rc8 35. Rb5 Rxc4 36. Rxb6 a4 37. a3 Rc2 38. Rb7+ Kf6 39. Rxh7 Rxb2 40.
Ra7 Rb1+ 41. Kf2 Rb2+ 42. Kf1 1/2-1/2

[Event "62nd ch-RUS w"]
[Site "Moscow RUS"]
[Date "2012.08.11"]
[Round "8"]
[White "Galliamova, Alisa"]
[Black "Girya, Olga"]
[Result "1-0"]
[WhiteTitle "IM"]
[BlackTitle "WGM"]
[WhiteElo "2465"]
[BlackElo "2433"]
[WhiteFideId "4129725"]
[BlackFideId "4195752"]
[EventDate "2012.08.03"]

1. c4 e6 2. g3 d5 3. Bg2 Nf6 4. Nf3 dxc4 5. Na3 Bxa3 6. bxa3 O-O 7. Qc2 Nc6 8.
Qxc4 e5 9. Bb2 Nd7 10. Qc2 Qe7 11. O-O Nb6 12. d3 Bg4 13. h3 Bd7 14. e3 Rab8 15.
Nd2 Be6 16. Nb3 Bd5 17. Nc5 Bxg2 18. Kxg2 Nd7 19. Rac1 Nxc5 20. Qxc5 Qe6 21. Qc4
Qxc4 22. Rxc4 Rfd8 23. Rc3 Rd7 24. Rfc1 f6 25. Kf3 Rbd8 26. Ke2 Re8 27. Kd2 Kf7
28. a4 Rc8 29. Ba3 Nd8 30. Ke2 Ne6 31. a5 Rd5 32. Bb4 Rcd8 33. Rb3 R8d7 34. Rc4
Nd8 35. Be1 a6 36. f4 exf4 37. gxf4 Rb5 38. Rxb5 axb5 39. Rb4 Rd5 40. a4 bxa4
41. Rxa4 Ne6 42. Ra3 Rb5 43. Kf3 g5 44. fxg5 Nxg5+ 45. Kg3 Rb1 46. Bf2 f5 47. h4
Ne6 48. Kf3 Nc5 49. Bg3 c6 50. Bd6 Na6 51. Ra2 Ke6 52. Bf4 Nb4 53. Rd2 Rb3 54.
d4 Nd5 55. Rg2 Nf6 56. Rg7 Rb2 57. Bg3 Kd5 58. h5 Ke6 59. h6 Rb3 60. Bh4 Ng4 61.
Bg5 Rb2 62. Re7+ Kd5 63. Rxh7 Rf2+ 64. Kg3 Rf1 65. Rxb7 Ke4 66. Re7+ Kd3 67. Bf4
Rg1+ 68. Kh4 Nf6 69. a6 Ne4 70. Rxe4 Kxe4 71. a7 Rg8 72. h7 Rh8 73. Kg5 1-0

[Event "62nd ch-RUS w"]
[Site "Moscow RUS"]
[Date "2012.08.12"]
[Round "9"]
[White "Girya, Olga"]
[Black "Gunina, Valentina"]
[Result "1/2-1/2"]
[WhiteTitle "WGM"]
[BlackTitle "IM"]
[WhiteElo "2433"]
[BlackElo "2507"]
[WhiteFideId "4195752"]
[BlackFideId "4167570"]
[EventDate "2012.08.03"]

1. d4 d5 2. c4 Nc6 3. Nf3 Bg4 4. cxd5 Bxf3 5. gxf3 Qxd5 6. e3 e5 7. Nc3 Bb4 8.
a3 Bxc3+ 9. bxc3 Nf6 10. Rb1 exd4 11. cxd4 O-O 12. Rb5 Qd6 13. Bd3 a6 14. Rg5 h6
15. Rg2 Kh8 16. O-O Rad8 17. Bb2 Nd5 18. Kh1 f5 19. Rfg1 Rf7 20. Qc1 Nce7 21. e4
fxe4 22. fxe4 Nf4 23. Bc4 Nxg2 24. Bxf7 Rf8 25. e5 Qd8 26. e6 Nh4 27. Qxh6+ gxh6
28. d5+ Kh7 29. Rg7+ Kh8 30. Rg4+ Kh7 31. Rg7+ Kh8 32. Rg8+ Kh7 33. Rg7+ Kh8 34.
Rg8+ 1/2-1/2

[Event "62nd ch-RUS w"]
[Site "Moscow RUS"]
[Date "2012.08.12"]
[Round "9"]
[White "Kosintseva, Nadezhda"]
[Black "Galliamova, Alisa"]
[Result "1-0"]
[WhiteTitle "GM"]
[BlackTitle "IM"]
[WhiteElo "2524"]
[BlackElo "2465"]
[WhiteFideId "4134974"]
[BlackFideId "4129725"]
[EventDate "2012.08.03"]

1. e4 c5 2. Nf3 e6 3. d4 cxd4 4. Nxd4 a6 5. Nc3 b5 6. Bd3 Qc7 7. O-O Nf6 8. Re1
d6 9. a4 b4 10. Na2 e5 11. Nf5 Nc6 12. Bg5 Bxf5 13. exf5 d5 14. c3 Be7 15. cxb4
Nxb4 16. Rc1 Qb8 17. Bxf6 gxf6 18. Bb1 Qb7 19. Qg4 Kf8 20. Red1 Rd8 21. Nxb4
Qxb4 22. Qxb4 Bxb4 23. Ba2 d4 24. Rc7 Be7 25. b4 Rb8 26. Rb1 d3 27. Kf1 Rg8 28.
b5 axb5 29. axb5 Rg4 30. b6 Ra4 31. b7 Rxb7 32. Rcxb7 Rxa2 33. R7b2 Ra4 34. Rd1
Rd4 35. f3 Bb4 36. Kf2 d2 37. Ke2 Kg7 38. Rdb1 e4 39. Kd1 exf3 40. gxf3 Bd6 41.
Rxd2 Rxd2+ 42. Kxd2 Bxh2 43. Ke3 Bd6 44. Rh1 h6 45. Ke4 Bb4 46. Rh2 Ba3 47. Rh1
Bb4 48. Kd5 Bd2 49. Kd6 Kf8 50. Kd7 Bg5 51. Kd8 Be3 52. Re1 Bd2 53. Re8+ Kg7 54.
Re2 Bg5 55. Ke7 h5 56. Rh2 Kh6 57. Kxf7 Bf4 58. Rg2 Bg5 59. f4 Bxf4 60. Kxf6 Bc1
61. Rg6+ Kh7 62. Rg1 Be3 63. Rh1 Kh6 64. Ke5 Kg5 65. f6 h4 66. f7 Bc5 67. Rg1+
Kh5 68. Kf4 Bd6+ 69. Ke4 1-0

[Event "62nd ch-RUS w"]
[Site "Moscow RUS"]
[Date "2012.08.12"]
[Round "9"]
[White "Ubiennykh, Ekaterina"]
[Black "Ovod, Evgenija"]
[Result "1-0"]
[WhiteTitle "WIM"]
[BlackTitle "IM"]
[WhiteElo "2367"]
[BlackElo "2419"]
[WhiteFideId "4137582"]
[BlackFideId "4131827"]
[EventDate "2012.08.03"]

1. d4 Nf6 2. c4 e6 3. Nf3 Bb4+ 4. Bd2 c5 5. Bxb4 cxb4 6. Qb3 a5 7. e3 O-O 8. Bd3
d6 9. a3 Na6 10. O-O Re8 11. Rd1 Bd7 12. Nbd2 h6 13. Nf1 e5 14. Be2 Qc7 15. Ng3
Be6 16. Rac1 Rac8 17. Qd3 Bd7 18. Qb1 bxa3 19. bxa3 Ba4 20. Re1 g6 21. c5 exd4
22. cxd6 Qxd6 23. Rxc8 Rxc8 24. Qxb7 Rc6 25. Nxd4 Rb6 26. Qc8+ Be8 27. Ne4 Qxa3
28. Nxf6+ Rxf6 29. Bxa6 Kg7 30. Qxe8 Rxa6 31. Qe5+ Rf6 32. Nc6 a4 33. Ra1 Qb3
34. Ne7 Qe6 35. Qxe6 Rxe6 36. Nd5 Ra6 37. Ra3 Rd6 38. e4 f5 39. f3 fxe4 40. fxe4
Re6 41. Rxa4 1-0

[Event "62nd ch-RUS w"]
[Site "Moscow RUS"]
[Date "2012.08.12"]
[Round "9"]
[White "Kosintseva, Tatiana"]
[Black "Charochkina, Daria"]
[Result "0-1"]
[WhiteTitle "GM"]
[BlackTitle "WGM"]
[WhiteElo "2530"]
[BlackElo "2353"]
[WhiteFideId "4133471"]
[BlackFideId "4180917"]
[EventDate "2012.08.03"]

1. e4 c6 2. d4 d5 3. e5 Bf5 4. Nf3 e6 5. Be2 Nd7 6. O-O Ne7 7. Nbd2 h6 8. Nb3
Bg6 9. a4 Nf5 10. a5 Rc8 11. c4 Be7 12. a6 b6 13. cxd5 cxd5 14. Ne1 O-O 15. Nd3
f6 16. Nf4 Bf7 17. exf6 Nxf6 18. Bd3 Ne4 19. f3 Ned6 20. g4 Nh4 21. Bb1 Bg5 22.
Qd3 g6 23. Nh3 Bxc1 24. Nxc1 Qf6 25. Ne2 Be8 26. Nc3 Nxf3+ 27. Kh1 Ne4 28. Ng1
Ned2 29. Rf2 Qxd4 30. Qe2 Ne5 31. Rxf8+ Kxf8 32. Bc2 Ndc4 33. Nf3 Nxf3 34. Qxf3+
Kg8 35. Rf1 Qg7 36. Qe2 Bd7 37. Nb5 Qe5 38. Qf2 Bxb5 39. Qf7+ Kh8 40. Qxg6 Qg7
41. Qxe6 Bd7 0-1